[Event "Copenhagen Chess Challenge 2014"]
[Site "Ballerup"]
[Date "2014.05.16"]
[Round "5"]
[White "Nyland, Thomas"]
[Black "Rydstrom, Tom"]
[Result "1/2-1/2"]
[WhiteElo "2043"]
[BlackElo "2190"]
[PlyCount "99"]
[EventDate "2014.??.??"]
[EventType "swiss"]
[EventRounds "9"]
[EventCountry "DEN"]

1. e4 e5 2. Nf3 Nc6 3. Bb5 a6 4. Ba4 Nf6 5. O-O Be7 6. d3 b5 7. Bb3 d6 8. Re1
Na5 9. Nbd2 O-O 10. Nf1 c5 11. c3 Nxb3 12. axb3 Qc7 13. Ne3 g6 14. Bd2 Bb7 15.
c4 Nh5 16. Nd5 Bxd5 17. exd5 f5 18. Ng5 Bxg5 19. Bxg5 f4 20. Qg4 Qf7 21. Ra2
Kg7 22. f3 h6 23. Bh4 g5 24. Bf2 Kg6 25. Rea1 Qb7 26. h4 Rf5 27. Ra5 bxc4 28.
dxc4 Rf6 29. R1a3 Ng7 30. Be1 Nf5 31. h5+ Kf7 32. Bc3 Ng3 33. R5a4 Kg8 34. b4
cxb4 35. Bxb4 Qb6+ 36. c5 dxc5 37. Be1 Nf5 38. Bc3 c4+ 39. Kh2 Ne3 40. Qd7 Nf1+
41. Kh1 Ng3+ 42. Kh2 Nf1+ 43. Kh1 Rd8 44. Qe7 Ng3+ 45. Kh2 Nf1+ 46. Kh1 Ng3+
47. Kh2 Qf2 48. Qxf6 Nf1+ 49. Kh1 Ng3+ 50. Kh2 1/2-1/2

[Event "Copenhagen Chess Challenge 2014"]
[Site "Ballerup"]
[Date "2014.05.16"]
[Round "5"]
[White "Pedersen, Daniel V"]
[Black "Karlsson, Ulf"]
[Result "1-0"]
[WhiteElo "2244"]
[BlackElo "1959"]
[PlyCount "99"]
[EventDate "2014.??.??"]
[EventType "swiss"]
[EventRounds "9"]
[EventCountry "DEN"]

1. e4 c5 2. Nf3 Nc6 3. c3 d5 4. exd5 Qxd5 5. d4 Bg4 6. dxc5 Qxc5 7. Na3 Rd8 8.
Qb3 Bxf3 9. gxf3 Qd5 10. Qxd5 Rxd5 11. Nb5 Rd7 12. Nd4 Nxd4 13. cxd4 a6 14. b4
e6 15. Bd2 Nf6 16. b5 Rxd4 17. bxa6 bxa6 18. Rb1 Bd6 19. Bxa6 O-O 20. Bb5 Nd5
21. a4 Rb8 22. Rb3 Bb4 23. Bxb4 Nxb4 24. O-O Nc6 25. Rc1 Na5 26. Rbc3 g6 27.
Kf1 Kg7 28. Ke2 Nb7 29. Rd3 Rb4 30. Rc7 Na5 31. Ke3 R4xb5 32. axb5 Rxb5 33. Kd4
Rb4+ 34. Kc5 Rc4+ 35. Kb6 Rxc7 36. Kxc7 Nc4 37. f4 Kf6 38. Rd4 Na3 39. Kd7 Kf5
40. Ke7 Nb5 41. Rc4 Na3 42. Ra4 Nb1 43. Kxf7 Nd2 44. Kg7 Nf3 45. h3 Ng1 46. Ra3
Kxf4 47. Kxh7 g5 48. Kg6 e5 49. Rg3 Nf3 50. Rg4# 1-0

[Event "Copenhagen Chess Challenge 2014"]
[Site "Ballerup"]
[Date "2014.05.16"]
[Round "5"]
[White "Quernheim, Daniel"]
[Black "Sahl, Bjarke"]
[Result "0-1"]
[WhiteElo "2032"]
[BlackElo "2368"]
[PlyCount "74"]
[EventDate "2014.??.??"]
[EventType "swiss"]
[EventRounds "9"]
[EventCountry "DEN"]

1. d4 Nf6 2. c4 e6 3. Nc3 Bb4 4. e3 O-O 5. Nge2 b6 6. a3 Be7 7. Ng3 d5 8. Be2
Bb7 9. Bf3 a5 10. O-O Ba6 11. b3 c6 12. Be2 Ra7 13. Na4 Re8 14. Qc2 Nbd7 15.
Bb2 Rc7 16. e4 dxe4 17. Nxe4 Nxe4 18. Qxe4 Bf6 19. Rfd1 Rc8 20. Bd3 g6 21. Qf3
Bg7 22. Be4 Bb7 23. b4 Qc7 24. d5 cxd5 25. cxd5 Ne5 26. Qb3 exd5 27. Bxd5 Bxd5
28. Rxd5 Ng4 29. g3 Bxb2 30. Qxb2 Qc6 31. Qb3 Nxf2 32. Rf1 Nh3+ 33. Kg2 Re2+
34. Kxh3 Qe6+ 35. Rff5 gxf5 36. Qf3 Qh6+ 37. Qh5 Qxh5# 0-1

[Event "Copenhagen Chess Challenge 2014"]
[Site "Ballerup"]
[Date "2014.05.16"]
[Round "5"]
[White "Roneid, Heidi"]
[Black "Tangelder, Yonne"]
[Result "1/2-1/2"]
[WhiteElo "1656"]
[BlackElo "1800"]
[PlyCount "37"]
[EventDate "2014.??.??"]
[EventType "swiss"]
[EventRounds "9"]
[EventCountry "DEN"]

1. e4 e5 2. Nf3 Nc6 3. Bb5 f5 4. d4 fxe4 5. Nxe5 Nxe5 6. dxe5 c6 7. Nc3 cxb5 8.
Nxe4 d5 9. exd6 Qh4 10. Qd5 Nf6 11. Nxf6+ Qxf6 12. O-O Qe6 13. Qxb5+ Kf7 14.
Bf4 Qf5 15. Qc4+ Qe6 16. Qc7+ Qd7 17. Qc4+ Qe6 18. Qc7+ Qd7 19. Qc4+ 1/2-1/2

[Event "Copenhagen Chess Challenge 2014"]
[Site "Ballerup"]
[Date "2014.05.16"]
[Round "5"]
[White "Slettebo, Jan"]
[Black "Andersen, Daniel"]
[Result "1-0"]
[WhiteElo "2040"]
[BlackElo "1940"]
[PlyCount "49"]
[EventDate "2014.??.??"]
[EventType "swiss"]
[EventRounds "9"]
[EventCountry "DEN"]

1. e4 e6 2. d4 d5 3. Nc3 Bb4 4. e5 c5 5. Nf3 cxd4 6. Qxd4 Nc6 7. Bb5 Be7 8. Qg4
Kf8 9. O-O a6 10. Bd3 Nb4 11. Rd1 Nxd3 12. Rxd3 Bd7 13. Nd4 h6 14. Rf3 Qc8 15.
Nxd5 exd5 16. e6 Be8 17. Nf5 Bf6 18. Bf4 fxe6 19. Nxg7 e5 20. Ne6+ Ke7 21. Bxe5
Bxe5 22. Re1 Qxe6 23. Qb4+ Kd8 24. Rfe3 Bd6 25. Qb6+ 1-0

[Event "Copenhagen Chess Challenge 2014"]
[Site "Ballerup"]
[Date "2014.05.16"]
[Round "5"]
[White "Stefansson, Hannes"]
[Black "Sylvan, Jacob"]
[Result "1/2-1/2"]
[WhiteElo "2548"]
[BlackElo "2348"]
[PlyCount "55"]
[EventDate "2014.??.??"]
[EventType "swiss"]
[EventRounds "9"]
[EventCountry "DEN"]

1. d4 Nf6 2. c4 g6 3. f3 Bg7 4. e4 d6 5. Nc3 O-O 6. Nge2 c5 7. d5 e6 8. Ng3
exd5 9. cxd5 Nbd7 10. Be2 a6 11. a4 Ne5 12. O-O Rb8 13. Nh1 Ne8 14. Nf2 f5 15.
exf5 gxf5 16. Nh3 Nc7 17. a5 b5 18. axb6 Rxb6 19. Bg5 Qe8 20. Qd2 Ng6 21. Rae1
Qf7 22. Nf4 h6 23. Nxg6 Qxg6 24. Be7 Re8 25. Bc4 Rb4 26. Ba2 Nb5 27. f4 Kh7 28.
Bh4 1/2-1/2

[Event "Copenhagen Chess Challenge 2014"]
[Site "Ballerup"]
[Date "2014.05.16"]
[Round "5"]
[White "Vesterli, Michael E"]
[Black "Thorhallsson, Throstur"]
[Result "1/2-1/2"]
[WhiteElo "2107"]
[BlackElo "2437"]
[PlyCount "99"]
[EventDate "2014.??.??"]
[EventType "swiss"]
[EventRounds "9"]
[EventCountry "DEN"]

1. d4 d5 2. c4 e6 3. Nc3 Be7 4. Nf3 Nf6 5. Bg5 c6 6. e3 Nbd7 7. Qc2 O-O 8. Rd1
Re8 9. a3 b6 10. cxd5 exd5 11. Be2 Bb7 12. O-O Ne4 13. Bxe7 Qxe7 14. Nxe4 dxe4
15. Nd2 c5 16. dxc5 Nxc5 17. b4 Nd7 18. Qc7 Ne5 19. Rc1 Kf8 20. Qxe7+ Rxe7 21.
Rc3 a5 22. bxa5 Rxa5 23. Rb1 Rd7 24. Nf1 Rd6 25. Ng3 g6 26. Rcb3 Nd7 27. h3 Rd2
28. Rc3 f5 29. Rc7 Ba6 30. Bxa6 Rxa6 31. Rb3 Ke7 32. Rc8 Nc5 33. Rc3 Rd3 34.
Rc4 Raxa3 35. Rh8 h5 36. Ne2 Rd2 37. Nf4 g5 38. Nxh5 Ra1+ 39. Kh2 Raa2 40. Rh7+
Kd6 41. Rh6+ Kd5 42. Rb4 Rxf2 43. Rd4+ Ke5 44. Rhd6 Rxg2+ 45. Kh1 Rh2+ 46. Kg1
Rhg2+ 47. Kh1 Rh2+ 48. Kg1 Rag2+ 49. Kf1 Rf2+ 50. Kg1 1/2-1/2

[Event "Copenhagen Chess Challenge 2014"]
[Site "Ballerup"]
[Date "2014.05.16"]
[Round "5"]
[White "Westerinen, Heikki"]
[Black "Thorfinnsson, Bragi"]
[Result "1/2-1/2"]
[WhiteElo "2299"]
[BlackElo "2459"]
[PlyCount "96"]
[EventDate "2014.??.??"]
[EventType "swiss"]
[EventRounds "9"]
[EventCountry "DEN"]

1. e4 c5 2. Nf3 d6 3. d4 cxd4 4. Nxd4 Nf6 5. Nc3 a6 6. Bg5 Nbd7 7. Bc4 Qa5 8.
Qd2 h6 9. Nd5 Qc5 10. Bxf6 Nxf6 11. Qd3 Nxd5 12. exd5 b5 13. Bb3 g6 14. O-O Bg7
15. Ne6 Bxe6 16. dxe6 f5 17. Qg3 g5 18. c3 O-O 19. Rad1 Qe5 20. f4 gxf4 21.
Rxf4 Kh8 22. Qf3 a5 23. Rf1 b4 24. cxb4 axb4 25. Qb7 Qc5+ 26. Kh1 Ra7 27. Qxb4
Qxb4 28. Rxb4 Bxb2 29. Rbf4 Rc7 30. g4 Be5 31. Rxf5 Rxf5 32. Rxf5 Kg7 33. Kg2
Rb7 34. h4 Bf6 35. h5 Rb4 36. Kf3 Rd4 37. Rd5 Rb4 38. Ra5 Rd4 39. Bc2 Bg5 40.
Ra4 Rd2 41. Bf5 Kf6 42. Ra5 d5 43. a4 Ke5 44. Rb5 Ra2 45. Rb4 Bd2 46. Rb7 Bg5
47. Rb4 Bd2 48. Rb7 Bg5 1/2-1/2

[Event "Copenhagen Chess Challenge 2014"]
[Site "Ballerup"]
[Date "2014.05.16"]
[Round "5"]
[White "Yin, Zixiao"]
[Black "Skovgaard, Ib"]
[Result "1-0"]
[WhiteElo "2020"]
[BlackElo "2041"]
[PlyCount "95"]
[EventDate "2014.??.??"]
[EventType "swiss"]
[EventRounds "9"]
[EventCountry "DEN"]

1. g3 d5 2. c3 c5 3. Nf3 Nf6 4. d3 Nc6 5. Bg2 h6 6. Na3 e5 7. Nc2 Be7 8. O-O
Be6 9. h3 O-O 10. d4 e4 11. Ne5 Nxe5 12. dxe5 Nd7 13. f4 exf3 14. exf3 d4 15.
f4 Qb6 16. f5 Bc4 17. f6 Nxf6 18. exf6 Bxf6 19. Rxf6 Qxf6 20. cxd4 Rad8 21. d5
Rfe8 22. Ne3 Bb5 23. Kh2 Qd4 24. Qf3 Bd3 25. Qf4 Be4 26. a4 g5 27. Qc7 Rxd5 28.
Nxd5 Qf2 29. Ne3 Bf3 30. g4 Rxe3 31. Qg3 Re2 32. Qxf2 Rxf2 33. Kg3 Rxg2+ 34.
Kxf3 Rh2 35. Kg3 Re2 36. Ra3 b6 37. Rc3 f6 38. Kf3 Rh2 39. Ke4 Kf7 40. Kd5 Rh1
41. a5 Rd1+ 42. Kc6 Re1 43. axb6 Re6+ 44. Kxc5 axb6+ 45. Kb5 f5 46. gxf5 Re5+
47. Kxb6 Rxf5 48. b4 1-0

[Event "Copenhagen Chess Challenge 2014"]
[Site "Ballerup"]
[Date "2014.05.17"]
[Round "6"]
[White "Bjerre, Jonas Buhl"]
[Black "Haubro, Sigfred"]
[Result "1/2-1/2"]
[WhiteElo "1961"]
[BlackElo "2175"]
[PlyCount "36"]
[EventDate "2014.??.??"]
[EventType "swiss"]
[EventRounds "9"]
[EventCountry "DEN"]

1. e4 b6 2. d4 Bb7 3. Bd3 Nf6 4. Nd2 c5 5. c3 Nc6 6. Ngf3 cxd4 7. Nxd4 Ne5 8.
Bc2 Ba6 9. N2f3 Qc7 10. Bf4 Nxf3+ 11. Qxf3 e5 12. Bg3 Bc5 13. Nf5 O-O 14. Bh4
Ne8 15. Ne7+ Kh8 16. Nd5 Qb7 17. Bd3 f6 18. O-O Bxd3 1/2-1/2

[Event "Copenhagen Chess Challenge 2014"]
[Site "Ballerup"]
[Date "2014.05.17"]
[Round "6"]
[White "Brondal, Paul"]
[Black "Yin, Zixiao"]
[Result "1/2-1/2"]
[WhiteElo "2078"]
[BlackElo "2020"]
[PlyCount "32"]
[EventDate "2014.??.??"]
[EventType "swiss"]
[EventRounds "9"]
[EventCountry "DEN"]

1. c4 c6 2. g3 Nf6 3. Bg2 g6 4. e4 d6 5. Nc3 Na6 6. d3 Bg7 7. Nge2 h5 8. Bg5
Nc5 9. h3 Qb6 10. Rb1 e5 11. Be3 Qc7 12. O-O h4 13. g4 Ne6 14. d4 g5 15. d5 Nf4
16. f3 O-O 1/2-1/2

[Event "Copenhagen Chess Challenge 2014"]
[Site "Ballerup"]
[Date "2014.05.17"]
[Round "6"]
[White "Danielsen, Henrik"]
[Black "Korley, Kassa"]
[Result "1-0"]
[WhiteElo "2483"]
[BlackElo "2390"]
[PlyCount "115"]
[EventDate "2014.??.??"]
[EventType "swiss"]
[EventRounds "9"]
[EventCountry "DEN"]

1. e4 e5 2. Nf3 Nc6 3. d3 Nf6 4. c3 d5 5. Nbd2 a5 6. Be2 Be7 7. O-O O-O 8. a4
Re8 9. Re1 Bf8 10. h3 g6 11. exd5 Nxd5 12. Nc4 Bg7 13. Qb3 h6 14. Qb5 Na7 15.
Qb3 Nc6 16. Bd2 b6 17. Rad1 Bb7 18. Bc1 Qd7 19. Bf1 Rad8 20. g3 Qc8 21. Bg2 Re7
22. Nh4 Red7 23. Nf3 Re7 24. Nh2 Nf6 25. Ne3 h5 26. Nc4 Red7 27. Nf3 Rxd3 28.
Rxd3 Rxd3 29. Nfxe5 Nd4 30. Qa2 Bxg2 31. Kxg2 Qa8+ 32. Kg1 Ne2+ 33. Kh2 Nxc1
34. Rxc1 Rd5 35. Re1 h4 36. g4 Bh6 37. Qb1 Bf4+ 38. Kg1 Kg7 39. Qc2 Qd8 40. Qe2
Bxe5 41. Nxe5 Rd2 42. Qc4 Rd5 43. Nf3 Rd1 44. Rxd1 Qxd1+ 45. Kg2 Nd5 46. Nxh4
Qd2 47. Kg3 c5 48. Nf3 Qd1 49. Qe4 Kg8 50. h4 Nf6 51. Qe5 Nd7 52. Qf4 Nf8 53.
h5 Ne6 54. Qb8+ Kh7 55. hxg6+ Kxg6 56. Qh8 f6 57. Qg8+ Ng7 58. Nh4+ 1-0

[Event "Copenhagen Chess Challenge 2014"]
[Site "Ballerup"]
[Date "2014.05.17"]
[Round "6"]
[White "Frank Nielsen, Marie"]
[Black "Nordenbaek, Jan"]
[Result "0-1"]
[WhiteElo "1992"]
[BlackElo "2248"]
[PlyCount "134"]
[EventDate "2014.??.??"]
[EventType "swiss"]
[EventRounds "9"]
[EventCountry "DEN"]

1. e4 c5 2. Nf3 Nc6 3. Nc3 e6 4. d4 cxd4 5. Nxd4 Nf6 6. a3 Qc7 7. Be3 a6 8. Be2
Be7 9. O-O O-O 10. f4 d6 11. Kh1 Na5 12. Qd3 b5 13. Rad1 Bb7 14. Bf3 Rfd8 15.
f5 e5 16. Nde2 Nc4 17. Bc1 Nb6 18. Nd5 Bxd5 19. exd5 Rac8 20. Nc3 h6 21. Qe2
Nc4 22. Rd3 Nb6 23. g4 Nh7 24. Be4 Nd7 25. Rh3 Bg5 26. Bd3 Ndf6 27. Rg3 Bxc1
28. Rxc1 Qb7 29. Qg2 b4 30. axb4 Qxb4 31. Rg1 Qxb2 32. g5 hxg5 33. Rxg5 Qxc3
34. Rxg7+ Kf8 35. Rxh7 Nxh7 36. Qg8+ Ke7 37. Qxh7 Rf8 38. f6+ Kd8 39. Qh4 Qc5
40. Be4 Kc7 41. Qh7 Kb8 42. Qf5 Rc7 43. Qf1 Ka7 44. Qa1 Rh8 45. Rg3 Rb7 46. Ra3
Rb6 47. Rc3 Rb1+ 48. Qxb1 Qxc3 49. Bd3 Qd4 50. Qa2 Qb6 51. Qa4 Rg8 52. Qa1 Rg4
53. h3 Rg3 54. h4 Rg4 55. h5 Rh4+ 56. Kg2 Rxh5 57. Qa4 Rg5+ 58. Kf3 Qb7 59. Qc4
Rg8 60. Qa4 Qxd5+ 61. Be4 Qb5 62. Qa1 d5 63. Bf5 e4+ 64. Kf4 Qb8+ 65. Qe5 Qxe5+
66. Kxe5 e3 67. Bd3 e2 0-1

[Event "Copenhagen Chess Challenge 2014"]
[Site "Ballerup"]
[Date "2014.05.17"]
[Round "6"]
[White "Fries Nielsen, Jens Ove"]
[Black "Mikkelsen, Nikolaj"]
[Result "1/2-1/2"]
[WhiteElo "2384"]
[BlackElo "2430"]
[PlyCount "73"]
[EventDate "2014.??.??"]
[EventType "swiss"]
[EventRounds "9"]
[EventCountry "DEN"]

1. d4 Nf6 2. Bf4 g6 3. Nc3 d5 4. Nb5 Na6 5. e3 Bg7 6. Nf3 O-O 7. Be2 c6 8. Nc3
Nb8 9. O-O Nbd7 10. h3 Re8 11. Bh2 b6 12. b4 Bb7 13. Rb1 a5 14. b5 c5 15. Na4
Rc8 16. c4 Ne4 17. Rc1 cxd4 18. Nxd4 Ndc5 19. Nc6 Bxc6 20. bxc6 Rxc6 21. cxd5
Rc8 22. Bb5 Nxa4 23. Qxa4 Nc3 24. Rxc3 Bxc3 25. Bxe8 Qxe8 26. Qxe8+ Rxe8 27.
Rc1 Bb4 28. a4 Bc5 29. Bc7 Ra8 30. Kf1 Kf8 31. Ke2 Ra7 32. Bg3 Rd7 33. e4 e6
34. Rd1 Ke7 35. Rd3 Rb7 36. Rb3 Bb4 37. Kd3 1/2-1/2

[Event "Copenhagen Chess Challenge 2014"]
[Site "Ballerup"]
[Date "2014.05.17"]
[Round "6"]
[White "Hein, Jacob"]
[Black "Krull, Carl"]
[Result "0-1"]
[WhiteElo "1451"]
[BlackElo "1789"]
[PlyCount "108"]
[EventDate "2014.??.??"]
[EventType "swiss"]
[EventRounds "9"]
[EventCountry "DEN"]

1. d4 Nf6 2. Nf3 d5 3. g3 Bg4 4. Ne5 Bf5 5. Bg2 c6 6. Bg5 Ne4 7. Bf4 f6 8. Nd3
Nd7 9. f3 Nd6 10. Bxd6 exd6 11. e4 dxe4 12. fxe4 Bg6 13. Qg4 Bf7 14. a3 h5 15.
Qe2 g5 16. Nc3 Qb6 17. d5 Ne5 18. O-O-O O-O-O 19. Nxe5 dxe5 20. Nb1 g4 21. Rd3
Bh6+ 22. Nd2 Rd6 23. Kb1 Rhd8 24. Nc4 Qb5 25. Nxd6+ Rxd6 26. Qf2 Kb8 27. Rhd1
cxd5 28. Qf5 Rb6 29. Rb3 Qe2 30. Qf1 Qa6 31. Qxa6 Rxa6 32. exd5 Bf8 33. Rxb7+
Kxb7 34. d6+ Kb8 35. d7 Be7 36. d8=Q+ Bxd8 37. Rxd8+ Kc7 38. Rd3 Bg6 39. Rc3+
Kd7 40. h3 Rd6 41. hxg4 Rd1+ 42. Ka2 hxg4 43. Bb7 Rd4 44. Bc6+ Kd6 45. Ba4 Rxa4
46. b3 Rd4 47. Kb2 f5 48. Rc8 Ke7 49. Rc5 Ke6 50. Ra5 f4 51. gxf4 Rxf4 52. Rxa7
g3 53. Ra6+ Kf5 54. Rd6 g2 0-1

[Event "Copenhagen Chess Challenge 2014"]
[Site "Ballerup"]
[Date "2014.05.17"]
[Round "6"]
[White "Jacobsen, Mikkel Manosri"]
[Black "Johansen, Johnny Holler"]
[Result "1-0"]
[WhiteElo "2113"]
[BlackElo "1949"]
[PlyCount "61"]
[EventDate "2014.??.??"]
[EventType "swiss"]
[EventRounds "9"]
[EventCountry "DEN"]

1. d4 d5 2. Bf4 Nf6 3. e3 e6 4. Bd3 Bd6 5. Bg3 O-O 6. Nd2 Nbd7 7. f4 c5 8. c3
b6 9. Ngf3 Bb7 10. Ne5 Re8 11. Bh4 Qc7 12. Qf3 c4 13. Bc2 b5 14. g4 g6 15. O-O
Be7 16. g5 Nh5 17. Ng4 Rf8 18. f5 exf5 19. Nh6+ Kh8 20. Bxf5 Ng7 21. Bxd7 Qxd7
22. Nxf7+ Rxf7 23. Qxf7 Qg4+ 24. Bg3 Qxg5 25. Nf3 Qxe3+ 26. Bf2 Qe4 27. Rae1
Qg4+ 28. Bg3 Rf8 29. Qxe7 Rxf3 30. Qf8+ Rxf8 31. Rxf8# 1-0

[Event "Copenhagen Chess Challenge 2014"]
[Site "Ballerup"]
[Date "2014.05.17"]
[Round "6"]
[White "Karlsson, Ulf"]
[Black "Jorgensen, Dennis"]
[Result "1/2-1/2"]
[WhiteElo "1959"]
[BlackElo "2231"]
[PlyCount "100"]
[EventDate "2014.??.??"]
[EventType "swiss"]
[EventRounds "9"]
[EventCountry "DEN"]

1. e4 c6 2. d4 d5 3. Nc3 dxe4 4. Nxe4 Bf5 5. Ng3 Bg6 6. h4 h6 7. Nf3 Nd7 8. h5
Bh7 9. Bd3 Bxd3 10. Qxd3 e6 11. Bf4 Qa5+ 12. Nd2 Ngf6 13. c4 Be7 14. Qe2 O-O
15. O-O Rad8 16. Rfd1 Rfe8 17. a3 Bf8 18. Nde4 Nxe4 19. Nxe4 Qf5 20. Bc7 Rc8
21. g4 Qh7 22. Bg3 f5 23. Nd6 Bxd6 24. Bxd6 fxg4 25. Qxg4 Nf6 26. Qg6 Rcd8 27.
c5 Ne4 28. Be5 Ng5 29. Kg2 Nf7 30. Qxh7+ Kxh7 31. f4 Rf8 32. Kg3 Rd5 33. b4
Rfd8 34. Rf1 R8d7 35. Rf3 Nxe5 36. dxe5 g6 37. hxg6+ Kxg6 38. Kg4 Rd3 39. Raf1
R7d4 40. R1f2 Rd7 41. f5+ exf5+ 42. Rxf5 h5+ 43. Kh4 R7d4+ 44. R2f4 Rxf4+ 45.
Rxf4 Rxa3 46. Rf6+ Kg7 47. Rf4 Re3 48. Rf5 Re4+ 49. Kxh5 Rxb4 50. e6 Re4
1/2-1/2

[Event "Copenhagen Chess Challenge 2014"]
[Site "Ballerup"]
[Date "2014.05.17"]
[Round "6"]
[White "Larsen, Tor Ketil"]
[Black "Christensen, Tobias"]
[Result "0-1"]
[WhiteElo "2004"]
[BlackElo "2368"]
[PlyCount "90"]
[EventDate "2014.??.??"]
[EventType "swiss"]
[EventRounds "9"]
[EventCountry "DEN"]

1. e4 c5 2. Nc3 d6 3. f4 g6 4. Nf3 Bg7 5. d3 Nc6 6. Be3 e6 7. g3 Qb6 8. Rb1
Nge7 9. Bg2 d5 10. Bf2 d4 11. Ne2 e5 12. O-O Be6 13. b3 Qc7 14. Ng5 Bg4 15.
fxe5 Nxe5 16. h3 h6 17. hxg4 hxg5 18. Nc1 N7c6 19. a3 a5 20. Be1 Qd7 21. Bd2
Nxg4 22. Bxg5 Be5 23. Qf3 Nh2 24. Qf2 Nxf1 25. Kxf1 Qg4 26. Bf4 Qd1+ 27. Qe1
Qxc2 28. Ra1 Qc3 29. Qxc3 dxc3 30. Bxe5 Nxe5 31. Ne2 Rd8 32. Nxc3 Rxd3 33. Na4
Rxg3 34. Kf2 Rxb3 35. Nxc5 Rb2+ 36. Kg3 b6 37. Nb7 Rb3+ 38. Kf2 Ng4+ 39. Kg1
O-O 40. Nd6 Rd8 41. Nc4 Rbd3 42. Nb2 Rd2 43. Rb1 Ne3 44. Bf3 R8d4 45. a4 Rb4
0-1

[Event "Copenhagen Chess Challenge 2014"]
[Site "Ballerup"]
[Date "2014.05.17"]
[Round "6"]
[White "Lauritsen, Martin Lee"]
[Black "Karlsson, Anders"]
[Result "1-0"]
[WhiteElo "2141"]
[BlackElo "1915"]
[PlyCount "105"]
[EventDate "2014.??.??"]
[EventType "swiss"]
[EventRounds "9"]
[EventCountry "DEN"]

1. e4 d6 2. d4 Nf6 3. Nc3 g6 4. f4 Bg7 5. Nf3 O-O 6. Bd3 Nbd7 7. e5 Ne8 8. e6
fxe6 9. Ng5 Nb6 10. Be3 Nf6 11. O-O Nbd5 12. Bd2 Nb4 13. Bc4 Nfd5 14. Ne2 Nc6
15. c3 h6 16. Nf3 Qe8 17. Qc2 Rf6 18. Nh4 Qf7 19. Bd3 e5 20. dxe5 dxe5 21. Bxg6
Qe6 22. f5 Qd6 23. Ng3 Qc5+ 24. Kh1 Qc4 25. Nf3 b6 26. b3 Qc5 27. Ne4 Qa3 28.
Qd3 Rd6 29. Bc1 Qa6 30. Qxa6 Bxa6 31. Nxd6 Bxf1 32. Bf7+ Kf8 33. Bxd5 Rd8 34.
Bxc6 Rxd6 35. Be4 Be2 36. Be3 c5 37. Kg1 Bd3 38. Nd2 Bxe4 39. Nxe4 Rd3 40. Kf2
a5 41. a4 h5 42. Ke2 Rd8 43. c4 Kf7 44. Rf1 Rg8 45. Bg5 Bf8 46. h4 Bg7 47. Rd1
Rb8 48. Rd7 Bf8 49. Nd6+ Kg8 50. Bxe7 Bxe7 51. Rxe7 Kf8 52. f6 Rd8 53. Re6 1-0

[Event "Copenhagen Chess Challenge 2014"]
[Site "Ballerup"]
[Date "2014.05.17"]
[Round "6"]
[White "Mueller, Reinhold"]
[Black "Vesterli, Michael E"]
[Result "1/2-1/2"]
[WhiteElo "2282"]
[BlackElo "2107"]
[PlyCount "261"]
[EventDate "2014.??.??"]
[EventType "swiss"]
[EventRounds "9"]
[EventCountry "DEN"]

1. d4 Nf6 2. c4 g6 3. Nc3 Bg7 4. e4 d6 5. f4 O-O 6. Nf3 c5 7. d5 e6 8. Be2 exd5
9. cxd5 Bg4 10. O-O Nbd7 11. h3 Bxf3 12. Bxf3 Re8 13. Re1 a6 14. a4 Qa5 15. Bd2
c4 16. Nb5 Qb6+ 17. Be3 Nc5 18. Nxd6 Qxd6 19. e5 Qb6 20. a5 Qb5 21. exf6 Bxf6
22. Re2 Nd3 23. Bb6 Bxb2 24. Rb1 Rxe2 25. Bxe2 Nxf4 26. Bf3 c3 27. d6 Qd7 28.
Bg4 Qc6 29. Bf3 c2 30. Bxc6 cxd1=Q+ 31. Rxd1 bxc6 32. d7 Ne6 33. Rd6 Nd8 34.
Kf2 Be5 35. Rd1 f6 36. Ke3 Kf7 37. Kd3 Ke6 38. Kc4 Bd6 39. Rd3 Kxd7 40. Bc5 Nf7
41. Bxd6 Ke6 42. Kc5 Rd8 43. Re3+ Kf5 44. g4+ Kg5 45. Be7 Rb8 46. Kxc6 Rb5 47.
Re6 Rxa5 48. Kb6 Rb5+ 49. Kxa6 Rb3 50. Rxf6 Rxh3 51. Rxf7+ Kxg4 52. Kb5 h5 53.
Rf6 Kg5 54. Kc4 Rh4+ 55. Kd5 Rf4 56. Ra6+ Kh6 57. Bd6 Rf5+ 58. Ke4 h4 59. Ra8
Kh5 60. Rg8 h3 61. Bf4 Rb5 62. Kf3 g5 63. Rh8+ Kg6 64. Be3 Kf5 65. Rh5 Kf6 66.
Rxh3 Rb3 67. Rh6+ Kf5 68. Rh5 Kf6 69. Rh8 Kf5 70. Rf8+ Ke5 71. Re8+ Kf5 72.
Rf8+ Ke5 73. Rg8 Kf6 74. Ke4 Rb5 75. Bd4+ Ke6 76. Rg6+ Kf7 77. Ra6 Ke7 78. Be5
Kd7 79. Rd6+ Ke7 80. Rg6 Kf7 81. Rxg5 Ke6 82. Rg6+ Kf7 83. Ra6 Ke7 84. Kf5 Kd7
85. Rd6+ Ke7 86. Rc6 Rd5 87. Ke4 Rb5 88. Ra6 Kd7 89. Bd4 Ke7 90. Be5 Kd7 91.
Kf5 Rd5 92. Ra7+ Kc6 93. Ke4 Rd1 94. Rc7+ Kb6 95. Rc2 Kb5 96. Bd4 Kb4 97. Kd5
Rd3 98. Rb2+ Rb3 99. Bc5+ Kc3 100. Rh2 Kd3 101. Rh4 Kd2 102. Kc4 Rc3+ 103. Kd5
Rg3 104. Bd4 Kd3 105. Be5 Rf3 106. Ra4 Ke2 107. Kc4 Ke3 108. Kd5 Ke2 109. Ke4
Re3+ 110. Kf4 Rf3+ 111. Kg4 Rf7 112. Ra3 Rf8 113. Bf4 Rf7 114. Re3+ Kf2 115.
Rd3 Rg7+ 116. Bg5 Ke1 117. Rd5 Rg8 118. Kf3 Rf8+ 119. Bf4 Rf7 120. Rc5 Rd7 121.
Rc1+ Rd1 122. Rc2 Rd8 123. Rc7 Rd5 124. Be3 Rf5+ 125. Ke4 Rf8 126. Kd3 Rd8+
127. Bd4 Kd1 128. Rg7 Re8 129. Rg2 Re7 130. Ra2 Rc7 131. Ra1+ 1/2-1/2

[Event "Copenhagen Chess Challenge 2014"]
[Site "Ballerup"]
[Date "2014.05.17"]
[Round "6"]
[White "Murtuzov, Rauf Mubariz"]
[Black "Karlsson, Robin"]
[Result "1/2-1/2"]
[WhiteElo "2079"]
[BlackElo "2008"]
[PlyCount "88"]
[EventDate "2014.??.??"]
[EventType "swiss"]
[EventRounds "9"]
[EventCountry "DEN"]

1. e4 c5 2. Nf3 d6 3. d4 cxd4 4. Nxd4 Nf6 5. Nc3 g6 6. Be3 Bg7 7. f3 O-O 8. Qd2
Nc6 9. Bc4 Bd7 10. Bb3 Rc8 11. O-O-O Ne5 12. h4 h5 13. Bg5 Rc5 14. g4 hxg4 15.
f4 Nc4 16. Qe2 b5 17. e5 dxe5 18. Ndxb5 Qc8 19. Bxf6 Bxf6 20. Bxc4 Rxc4 21.
fxe5 Bxb5 22. Nxb5 Bg7 23. h5 Qc5 24. Na3 Bh6+ 25. Kb1 Rb4 26. Rd3 Rfb8 27. Rb3
gxh5 28. Qh2 Rd8 29. Qxh5 Rbd4 30. Rd3 Bg7 31. Rf1 Rxd3 32. Qxf7+ Kh8 33. cxd3
Rxd3 34. Qh5+ Kg8 35. Rc1 Qb6 36. Qf5 Rd8 37. Rh1 Qa6 38. Nc2 Qe2 39. Qh7+ Kf8
40. Qf5+ Kg8 41. Qe6+ Kf8 42. Qf5+ Kg8 43. Qh7+ Kf8 44. Qf5+ Kg8 1/2-1/2

[Event "Copenhagen Chess Challenge 2014"]
[Site "Ballerup"]
[Date "2014.05.17"]
[Round "6"]
[White "Nielsen, Thomas (1975)"]
[Black "Rosenkilde, Alexander"]
[Result "0-1"]
[WhiteElo "1912"]
[BlackElo "2271"]
[PlyCount "66"]
[EventDate "2014.??.??"]
[EventType "swiss"]
[EventRounds "9"]
[EventCountry "DEN"]

1. d4 Nf6 2. c4 e6 3. Nc3 Bb4 4. Qc2 O-O 5. a3 Bxc3+ 6. Qxc3 b6 7. g3 Bb7 8.
Nf3 c5 9. dxc5 Ne4 10. Qc2 bxc5 11. Bg2 d5 12. O-O Nd7 13. Nd2 Nef6 14. Nf3 Qb6
15. cxd5 exd5 16. Bf4 Rfe8 17. Rac1 Ba6 18. Rfe1 h6 19. Rb1 Rac8 20. h4 Bc4 21.
Bh3 a5 22. g4 Qe6 23. Nh2 d4 24. g5 Qxh3 25. Qxc4 Nh5 26. Bd2 Re4 27. Qd3 Qxh4
28. f4 Nxf4 29. Bxf4 Rxf4 30. Rf1 Qxg5+ 31. Kh1 Re8 32. Rxf4 Qxf4 33. Rf1 Qe4+
0-1

[Event "Copenhagen Chess Challenge 2014"]
[Site "Ballerup"]
[Date "2014.05.17"]
[Round "6"]
[White "Nielsen, Viktor"]
[Black "Slettebo, Jan"]
[Result "1-0"]
[WhiteElo "2029"]
[BlackElo "2040"]
[PlyCount "69"]
[EventDate "2014.??.??"]
[EventType "swiss"]
[EventRounds "9"]
[EventCountry "DEN"]

1. e4 e5 2. Nf3 Nc6 3. Bb5 Nge7 4. O-O g6 5. c3 Bg7 6. d4 exd4 7. cxd4 a6 8.
Ba4 b5 9. Bc2 d6 10. h3 O-O 11. Nc3 h6 12. d5 Na5 13. Nd4 Bb7 14. Kh1 c5 15.
dxc6 Naxc6 16. Nxc6 Bxc6 17. Bb3 Kh7 18. Nd5 f5 19. Nxe7 Qxe7 20. Bd5 Rac8 21.
Bxc6 Rxc6 22. exf5 Rxf5 23. Rb1 Qf7 24. Qb3 Rc4 25. Be3 d5 26. f3 d4 27. Bg1
Qd7 28. Rbd1 Be5 29. Rfe1 Rh5 30. f4 Bg7 31. Re4 Rd5 32. Qd3 Qc6 33. Rde1 Rd7
34. Re6 Qd5 35. Qxg6+ 1-0